[Event "Dormagen - Kamp- Lintfort"]
[Site "?"]
[Date "2024.02.25"]
[Round "6.5"]
[White "Esser, Jochen"]
[Black "Wimmer, Juergen"]
[Result "1-0"]
[WhiteElo "2006"]
[BlackElo "2204"]
[PlyCount "55"]
[EventDate "2024.??.??"]
[SourceVersionDate "2020.03.16"]

1. e4 c5 2. Nf3 a6 3. d4 cxd4 4. c3 dxc3 5. Nxc3 e6 6. Bc4 b5 7. Bb3 Nc6 8. O-O Na5 9. Bc2 Bb7 10. Qe2 Rc8 11. Rd1 Be7 12. Bf4 Nc4 13. Bb3 Nf6 14. e5 Nd5 15. Nxd5 Bxd5 16. a4 O-O 17. Rac1 f5 18. Rc3 Qb6 19. h4 h6 20. Nd4 Nxb2 21. Rxc8 Rxc8 22. Nxf5 Bxh4 23. Rxd5 exd5 24. Bxd5+ Kf8 25. Qxb2 Be7 26. e6 Bf6 27. exd7 Rd8 28. Qb4+ 1-0

[Event "Dormagen - Kamp Lintfort"]
[Site "?"]
[Date "2024.02.25"]
[Round "6.6"]
[White "Juegel, Marcel"]
[Black "Schubert, Mario"]
[Result "1/2-1/2"]
[WhiteElo "2096"]
[BlackElo "1819"]
[PlyCount "98"]
[EventDate "2024.??.??"]
[SourceVersionDate "2020.03.16"]

1. d4 Nf6 2. Nc3 d5 3. Bf4 c6 4. e3 Bf5 5. f3 Qa5 6. Nge2 e6 7. a3 Be7 8. Nc1 Nbd7 9. g4 Bg6 10. h4 h5 11. g5 Nh7 12. Bd3 Bxd3 13. Qxd3 Nhf8 14. Bg3 b5 15. Nb3 Qb6 16. a4 b4 17. a5 Qd8 18. Na4 Ng6 19. f4 Bd6 20. Bf2 Ne7 21. O-O-O g6 22. Be1 Rb8 23. Nac5 Nf5 24. Kb1 Nxc5 25. dxc5 Bf8 26. e4 dxe4 27. Qe2 Qc7 28. Qxe4 Bg7 29. Bf2 O-O 30. Rd3 Ne7 31. Bg3 Nf5 32. Be1 Rfd8 33. Rhh3 Rd5 34. Bxb4 Qb7 35. Ba3 Rbd8 36. Qc4 Rxd3 37. Rxd3 Rxd3 38. Qxd3 Nxh4 39. a6 Qc8 40. Bb4 Nf5 41. Ba5 Kh7 42. Bb6 Qb8 43. Qe4 Ne7 44. Ba5 Nd5 45. Bd2 Qb5 46. Nd4 Qxa6 47. Nf3 Qf1+ 48. Ka2 Qa6+ 49. Kb1 Qf1+ {(=)} 1/2-1/2

[Event "Dormagen - Kamp Lintfort"]
[Site "?"]
[Date "2024.02.25"]
[Round "6.7"]
[White "Baaken, Hermann"]
[Black "Bouaraba, Max"]
[Result "0-1"]
[WhiteElo "1794"]
[BlackElo "2152"]
[PlyCount "88"]
[EventDate "2024.??.??"]
[SourceVersionDate "2020.03.16"]

1. d4 Nf6 2. Bf4 d5 3. e3 e6 4. Nd2 c5 5. c3 Nc6 6. Ngf3 Bd6 7. Bg3 O-O 8. Ne5 Qc7 9. f4 Ne7 10. Bd3 b5 11. Qf3 c4 12. Bc2 b4 13. O-O bxc3 14. bxc3 Rb8 15. Bh4 Rb2 16. Rfc1 Ne8 17. Bxe7 Qxe7 18. e4 Bb7 19. exd5 exd5 20. Qh3 g6 21. Ndf3 Kg7 22. Rab1 Rxb1 23. Rxb1 f6 24. Qd7 Ba8 25. Qxe7+ Bxe7 26. Nd7 Rf7 27. Rb8 Bc6 28. Rxe8 Bxd7 29. Ra8 Bd6 30. Rxa7 Bxf4 31. Kf2 g5 32. g3 Bc1 33. Rb7 g4 34. Rb1 Bh6 35. Nh4 Bd2 36. Bf5 Bxc3 37. Bxd7 Rxd7 38. Nf5+ Kg6 39. Nh4+ Kf7 40. Ke3 Re7+ 41. Kf4 Bd2+ 42. Kxg4 c3 43. Nf5 c2 44. Ra1 Re1 0-1

[Event "Dormagen - Kamp Lintfort"]
[Site "?"]
[Date "2024.02.25"]
[Round "6.8"]
[White "Block, Wolfgang"]
[Black "Jess, Stefan"]
[Result "1-0"]
[WhiteElo "2086"]
[BlackElo "1871"]
[PlyCount "39"]
[EventDate "2024.??.??"]
[SourceVersionDate "2020.03.16"]

1. d4 c6 2. c4 d5 3. Nc3 Nf6 4. Nf3 e6 5. Bg5 dxc4 6. a4 Bb4 7. e3 Qa5 8. Bxf6 Bxc3+ 9. bxc3 Qxc3+ 10. Nd2 gxf6 11. Bxc4 Nd7 12. O-O Qa5 13. Ne4 Ke7 14. Qb3 f5 15. Qa3+ Kd8 16. Nd6 Rf8 17. Be2 Kc7 18. Bf3 Kb8 19. Rab1 Qc7 20. Rfc1 1-0

[Event "Rheinhausen - Ratingen "]
[Site "?"]
[Date "2024.02.25"]
[Round "6.1"]
[White "Heinert, Eugen"]
[Black "Skoerys, Fabian"]
[Result "1/2-1/2"]
[WhiteElo "2136"]
[BlackElo "1958"]
[PlyCount "104"]
[EventDate "2024.??.??"]
[SourceVersionDate "2020.03.16"]

1. Nf3 d5 2. e3 Nf6 3. c4 c6 4. b3 Bf5 5. Bb2 e6 6. Be2 h6 7. O-O Nbd7 8. d4 Bd6 9. Ne5 O-O 10. Bd3 Bxd3 11. Qxd3 Qc7 12. f4 Ne4 13. Nxd7 Qxd7 14. Nd2 f5 15. Nxe4 fxe4 16. Qe2 b5 17. c5 Bc7 18. Qg4 a5 19. a3 a4 20. b4 Rf6 21. g3 Qf7 22. Kf2 Kf8 23. Ke2 Ke7 24. h4 h5 25. Qh3 Rg6 26. Rg1 Rg4 27. Raf1 Qf5 28. Qh2 Rf8 29. Bc3 Rf6 30. Be1 Rfg6 31. Qh1 Kf7 32. Qh2 Kg8 33. Qh1 Bd8 34. Qh2 Bf6 35. Bc3 Bd8 36. Be1 Rf6 37. Qh1 Rgg6 38. Qh2 Qg4+ 39. Kd2 Kh7 40. Qe2 Qxe2+ 41. Kxe2 Rg4 42. Rh1 Kg6 43. Rh3 Kf5 44. Bc3 Rgg6 45. Be1 Kg4 46. Rhh1 Rf5 47. Bc3 Rgf6 48. Kf2 Rf8 49. Kg2 Be7 50. Rhg1 Bd8 51. Rb1 Bc7 52. Bb2 R8f6 {(=)} 1/2-1/2

[Event "Rheinhausen - Ratingen "]
[Site "?"]
[Date "2024.02.25"]
[Round "6.2"]
[White "Feldhaus, Sebastian"]
[Black "Probst, Andreas"]
[Result "1/2-1/2"]
[WhiteElo "2083"]
[BlackElo "2040"]
[PlyCount "85"]
[EventDate "2024.??.??"]
[SourceVersionDate "2020.03.16"]

1. d4 Nf6 2. c4 g6 3. Nc3 Bg7 4. Bg5 d6 5. e4 h6 6. Be3 O-O 7. f3 e5 8. dxe5 dxe5 9. Qxd8 Rxd8 10. Nd5 Nxd5 11. cxd5 c6 12. Bc4 cxd5 13. Bxd5 Nc6 14. O-O-O Be6 15. Bxe6 Rxd1+ 16. Kxd1 fxe6 17. Ne2 b5 18. Kc1 Rc8 19. Kb1 Nd4 20. Rc1 Rxc1+ 21. Nxc1 Nc6 22. Kc2 Bf8 23. Nd3 Kf7 24. Kb3 h5 25. Kc3 Bd6 26. Bc5 Bc7 27. Nb4 Ba5 28. a3 a6 29. Kb3 Bxb4 30. Bxb4 g5 31. Bd2 Kf6 32. Kc3 Kg6 33. Kd3 Kf6 34. Ke3 Kg6 35. Bc3 Kf6 36. b3 Kg6 37. g3 Kf7 38. h3 Kg6 39. Kd3 Kf7 40. Ke3 Kg6 41. a4 Kf7 42. f4 gxf4+ 43. gxf4 {(=)} 1/2-1/2

[Event "Rheinhausen - Ratingen"]
[Site "?"]
[Date "2024.02.25"]
[Round "6.3"]
[White "Kaspar, Uwe"]
[Black "Heinert, Alex"]
[Result "0-1"]
[WhiteElo "1901"]
[BlackElo "2072"]
[PlyCount "100"]
[EventDate "2024.??.??"]
[SourceVersionDate "2020.03.16"]

1. c4 c5 2. Nc3 g6 3. g3 Bg7 4. Bg2 Nc6 5. Nf3 e6 6. O-O Nge7 7. a3 a6 8. e3 e5 9. e4 O-O 10. d3 d6 11. Rb1 Rb8 12. b4 cxb4 13. axb4 b5 14. cxb5 axb5 15. h3 h6 16. d4 exd4 17. Nd5 Be6 18. Bb2 Nxd5 19. exd5 Bxd5 20. Nxd4 Bxg2 21. Kxg2 Qb6 22. Nxc6 Qxc6+ 23. Qf3 Rbc8 24. Bxg7 Kxg7 25. Qxc6 Rxc6 26. Rfd1 Re8 27. Rd5 Re5 28. Rd2 Kf6 29. Rb3 Ke6 30. f4 Re4 31. Kf3 f5 32. h4 h5 33. Rd1 d5 34. Rbd3 Rd6 35. Re3 Rxe3+ 36. Kxe3 Rc6 37. Ra1 Rc3+ 38. Kd4 Rc4+ 39. Kd3 d4 40. Ra6+ Kd5 41. Rxg6 Rxb4 42. Rg8 Rb3+ 43. Kd2 Ke4 44. Re8+ Kf3 45. Rg8 b4 46. Rg5 Ke4 47. Rxh5 Rxg3 48. Rg5 Rh3 49. Rg8 Rh2+ 50. Kd1 b3 0-1

[Event "Rheinhausen - Ratingen"]
[Site "?"]
[Date "2024.02.25"]
[Round "6.4"]
[White "Rohfleisch, Daniel"]
[Black "Gatterer, Matthias"]
[Result "1/2-1/2"]
[WhiteElo "1935"]
[BlackElo "2010"]
[PlyCount "35"]
[EventDate "2024.??.??"]
[SourceVersionDate "2020.03.16"]

1. e4 e6 2. d4 d5 3. exd5 exd5 4. Nf3 Nf6 5. Bd3 Bd6 6. Qe2+ Qe7 7. Qxe7+ Bxe7 8. O-O O-O 9. Re1 Bd6 10. Bg5 Bg4 11. Bxf6 gxf6 12. Nbd2 Nc6 13. c3 Ne7 14. Nh4 Rfe8 15. h3 Bh5 16. Ndf3 Bg6 17. Nxg6 fxg6 18. g3 {(=)} 1/2-1/2

[Event "Rheinhausen - Ratingen "]
[Site "?"]
[Date "2024.02.25"]
[Round "6.5"]
[White "Jentzsch, David"]
[Black "Migdal, Benedikt"]
[Result "1/2-1/2"]
[WhiteElo "1924"]
[BlackElo "2069"]
[PlyCount "88"]
[EventDate "2024.??.??"]
[SourceVersionDate "2020.03.16"]

1. d4 d5 2. e3 Nf6 3. Bd3 c5 4. Nf3 Nc6 5. c3 Bg4 6. h3 Bh5 7. Qa4 Bxf3 8. gxf3 Qb6 9. Nd2 O-O-O 10. dxc5 Qxc5 11. Nb3 Qb6 12. Bd2 e5 13. Qb5 Qxb5 14. Bxb5 Be7 15. a4 Ne8 16. a5 Nc7 17. Be2 a6 18. e4 Ne6 19. exd5 Rxd5 20. Bc4 Rd6 21. Be3 f5 22. Bb6 Bd8 23. Be3 f4 24. Bxe6+ Rxe6 25. Nc5 Ree8 26. Bd2 Nxa5 27. Ra4 Bb6 28. Ne4 Rd8 29. c4 Nc6 30. c5 Bc7 31. Bc3 h6 32. Rg1 g5 33. Rg4 Rhg8 34. h4 gxh4 35. Rxh4 Rg6 36. Rh5 Rd5 37. Rc4 Na5 38. Bxa5 Bxa5+ 39. b4 Bc7 40. Ke2 Kd8 41. Rc3 Kd7 42. Rd3 Kc6 43. Nc3 Rd4 44. Rxd4 exd4 1/2-1/2

[Event "Rheinhausen - Ratingen "]
[Site "?"]
[Date "2024.02.25"]
[Round "6.5"]
[White "Schanzenbach, Heiko"]
[Black "Liedtke, Dirk"]
[Result "1/2-1/2"]
[WhiteElo "2039"]
[BlackElo "2079"]
[PlyCount "51"]
[EventDate "2024.??.??"]
[SourceVersionDate "2020.03.16"]

1. e4 e6 2. d4 d5 3. Nd2 Be7 4. Ngf3 Nf6 5. e5 Nfd7 6. c3 c5 7. Be2 f6 8. exf6 Bxf6 9. O-O O-O 10. Re1 Qb6 11. Qb3 cxd4 12. Qxb6 Nxb6 13. Nxd4 e5 14. Nb5 Nc6 15. a4 Rb8 16. a5 Na8 17. Nb3 Rd8 18. Be3 a6 19. Na3 Be6 20. Nc5 Bf7 21. Bg4 Be7 22. Nd7 Rbc8 23. Nb6 Rb8 24. Nd7 Rbc8 25. Nb6 Rb8 26. Nd7 1/2-1/2

[Event "Rheinhausen - Ratingen "]
[Site "?"]
[Date "2024.02.25"]
[Round "6.7"]
[White "Held, Benjamin"]
[Black "Hoeche, Alexander"]
[Result "0-1"]
[WhiteElo "2064"]
[BlackElo "1929"]
[PlyCount "92"]
[EventDate "2024.??.??"]
[SourceVersionDate "2020.03.16"]

1. d4 d5 2. c4 e6 3. Nc3 Nf6 4. cxd5 exd5 5. Bg5 Be7 6. e3 c6 7. Bd3 Nbd7 8. Qc2 h6 9. Bh4 O-O 10. Nge2 Re8 11. O-O Nh5 12. Bxe7 Rxe7 13. b4 a6 14. a4 Nf8 15. b5 a5 16. bxc6 bxc6 17. Nc1 Rb7 18. Nb3 Rab8 19. Rab1 Ne6 20. Ne2 Rb4 21. Nc5 Qb6 22. Rxb4 axb4 23. Nb3 Ba6 24. Nec1 Nf6 25. a5 Qb7 26. f3 Ne8 27. Bxa6 Qxa6 28. Nd3 Nd6 29. Ndc5 Nxc5 30. Qxc5 Nc4 31. Qe7 Qb5 32. Ra1 Na3 33. Qe5 Ra8 34. Rc1 Qa4 35. Nc5 Qxa5 36. Nb7 Qa6 37. Qc7 Nc4 38. Nd8 Rxd8 39. Qxd8+ Kh7 40. Qe7 b3 41. Qxf7 Nxe3 42. Kf2 b2 43. Re1 Qd3 44. Qf4 b1=Q 45. Rxb1 Qd2+ 46. Kg3 Qxg2+ 0-1

[Event "Rheinhausen - Ratingen "]
[Site "?"]
[Date "2024.02.25"]
[Round "6.8"]
[White "Emelyanov, Anatolij"]
[Black "Katz, Rafael"]
[Result "0-1"]
[WhiteElo "1832"]
[BlackElo "1970"]
[PlyCount "58"]
[EventDate "2024.??.??"]
[SourceVersionDate "2020.03.16"]

1. e4 c6 2. d4 d5 3. exd5 cxd5 4. c4 Nf6 5. Nc3 e6 6. Nf3 Be7 7. Bd3 dxc4 8. Bxc4 O-O 9. O-O a6 10. Be3 b5 11. Bb3 Bb7 12. Rc1 b4 13. Na4 Nbd7 14. Ne5 Nxe5 15. dxe5 Nd5 16. Bc5 Rc8 17. Bxd5 Bxd5 18. Bxe7 Qxe7 19. Rxc8 Rxc8 20. Nb6 Rd8 21. Qa4 Be4 22. Re1 Qb7 23. Qxb4 Bxg2 24. Qg4 Bf3 25. Qf4 Bh1 26. Qg3 Rd3 27. Qg4 h5 28. Qg5 Rd4 29. h3 Rg4+ 0-1

[Event "Kleve - Düsseldorf"]
[Site "?"]
[Date "2024.02.25"]
[Round "6.1"]
[White "Gula, Julian"]
[Black "Bruil, Rembrandt"]
[Result "0-1"]
[WhiteElo "2142"]
[BlackElo "2276"]
[PlyCount "60"]
[EventDate "2024.??.??"]
[SourceVersionDate "2020.03.16"]

1. Nf3 Nf6 2. c4 b6 3. Nc3 Bb7 4. e3 g6 5. d4 Bg7 6. Bd3 O-O 7. e4 d6 8. O-O Nbd7 9. Re1 e5 10. d5 Nc5 11. Bf1 a5 12. b3 Bc8 13. Bb2 Ne8 14. Nd2 f5 15. Qc2 f4 16. a3 Qh4 17. b4 Nb7 18. Nb3 f3 19. g3 Qh5 20. Qd3 Nf6 21. Nd2 Ng4 22. h3 Nxf2 23. Kxf2 Bxh3 24. Nxf3 Bxf1 25. Rxf1 Qh2+ 26. Ke1 Qxb2 27. Ra2 Qc1+ 28. Ke2 Qh6 29. Raa1 Qh3 30. Rh1 Qg2+ 0-1

[Event "Kleve - Düsseldorf"]
[Site "?"]
[Date "2024.02.25"]
[Round "6.2"]
[White "Verfuerth, Kevin"]
[Black "Tagsold, Christian"]
[Result "1/2-1/2"]
[WhiteElo "2033"]
[BlackElo "2152"]
[PlyCount "65"]
[EventDate "2024.??.??"]
[SourceVersionDate "2020.03.16"]

1. c4 e6 2. Nf3 d5 3. e3 c5 4. cxd5 exd5 5. d4 Nf6 6. Be2 Nc6 7. O-O cxd4 8. exd4 h6 9. Re1 Be7 10. Nc3 O-O 11. h3 Bd6 12. Bd3 Be6 13. Be3 Rc8 14. Qd2 Re8 15. Rac1 Ne4 16. Bxe4 dxe4 17. Nxe4 Bb4 18. Nc3 Bxa2 19. Bf4 Rxe1+ 20. Rxe1 Bd5 21. Ne5 Be6 22. Nxc6 Rxc6 23. Qe3 Bxc3 24. bxc3 Qd5 25. Qg3 Kf8 26. Be5 f6 27. Bb8 a6 28. Ba7 Kf7 29. Re3 Rc8 30. Bc5 Qc6 31. Rd3 b6 32. Ba3 Qd5 33. Re3 1/2-1/2

[Event "Kleve - Düsseldorf"]
[Site "?"]
[Date "2024.02.25"]
[Round "6.3"]
[White "Kontorovitch, Vladimir"]
[Black "Wiegersma, Justus"]
[Result "0-1"]
[WhiteElo "2089"]
[BlackElo "1989"]
[PlyCount "104"]
[EventDate "2024.??.??"]
[SourceVersionDate "2020.03.16"]

1. e4 b6 2. d4 Bb7 3. Nc3 e6 4. Bd3 Bb4 5. Nge2 d5 6. exd5 Qxd5 7. Nf4 Qd7 8. O-O Nf6 9. Bb5 c6 10. Be2 Ba6 11. Bxa6 Nxa6 12. Qd3 Nc7 13. Ne4 Ncd5 14. Nxd5 cxd5 15. Nxf6+ gxf6 16. Bh6 Bf8 17. Bf4 Bd6 18. Qg3 Ke7 19. Rfe1 Rag8 20. Qf3 h5 21. Bxd6+ Qxd6 22. a4 Rg4 23. a5 Rhg8 24. g3 h4 25. Re3 hxg3 26. hxg3 b5 27. Rd1 a6 28. Kg2 R8g5 29. c3 f5 30. Rh1 f4 31. Rh7 Qd8 32. Re1 Qxa5 33. Kh1 Qd8 34. Re5 Qg8 35. Rh3 Rxe5 36. dxe5 Qg6 37. c4 Qe4 38. Qxe4 dxe4 39. cxb5 fxg3 40. fxg3 axb5 41. Rh4 Rxg3 42. Rxe4 Kd7 43. Rf4 Rg7 44. Kh2 Kc6 45. Kh3 Kd5 46. Rb4 Kxe5 47. Rxb5+ Kf4 48. Rb7 e5 49. b4 e4 50. Re7 Rg3+ 51. Kh2 f5 52. Rc7 Rb3 0-1

[Event "Kleve - Düsseldorf"]
[Site "?"]
[Date "2024.02.25"]
[Round "6.4"]
[White "Krebbers, Wilfried"]
[Black "Hoffmann, Andre"]
[Result "1/2-1/2"]
[WhiteElo "2047"]
[BlackElo "1991"]
[PlyCount "48"]
[EventDate "2024.??.??"]
[SourceVersionDate "2020.03.16"]

1. b4 e5 2. Bb2 Bxb4 3. Bxe5 Nf6 4. Nf3 d5 5. e3 O-O 6. Be2 c5 7. O-O Nc6 8. Bb2 Re8 9. d3 Qe7 10. Nbd2 d4 11. e4 Be6 12. Nb3 Rad8 13. a3 Bc3 14. Rb1 c4 15. dxc4 Nxe4 16. Bd3 Bxb2 17. Rxb2 Qxa3 18. Qa1 Qxa1 19. Rxa1 Bg4 20. Nfxd4 Nxd4 21. Nxd4 Nc5 22. f3 Bc8 23. Nb5 a6 24. Nc7 Nxd3 1/2-1/2

[Event "Kleve - Düsseldorf"]
[Site "?"]
[Date "2024.02.25"]
[Round "6.5"]
[White "Reinartz, Achim"]
[Black "Verfuerth, Thomas"]
[Result "0-1"]
[WhiteElo "1915"]
[BlackElo "2006"]
[PlyCount "192"]
[EventDate "2024.??.??"]
[SourceVersionDate "2020.03.16"]

1. d4 Nf6 2. Nf3 d5 3. c4 e6 4. Nc3 Be7 5. Bg5 O-O 6. e3 Nbd7 7. Bd3 dxc4 8. Bxc4 Nb6 9. Bb3 Nfd5 10. Bxe7 Qxe7 11. O-O Nxc3 12. bxc3 Rd8 13. Qe2 a5 14. a4 Nd5 15. Rfc1 b6 16. e4 Ba6 17. Qd2 Nf6 18. Qf4 Bb7 19. Bc2 Rac8 20. Qh4 Kf8 21. e5 Ng8 22. Qxh7 Bxf3 23. gxf3 c5 24. Qe4 cxd4 25. cxd4 Qg5+ 26. Kf1 Qd2 27. Qe2 Qf4 28. Qe3 Qxd4 29. Be4 Rxc1+ 30. Rxc1 Ne7 31. Rb1 Qxa4 32. Qxb6 Rc8 33. Bb7 Qc4+ 34. Kg1 Rb8 35. Rd1 Re8 36. Qxa5 Qb3 37. Rd7 Qb1+ 38. Kg2 Qg6+ 39. Kf1 Qb1+ 40. Kg2 Ng6 41. Qc5+ Kg8 42. Qd4 Qf5 43. Kf1 Qh3+ 44. Ke1 Qxh2 45. Rd8 Rxd8 46. Qxd8+ Kh7 47. Be4 Qxe5 48. Qh4+ Kg8 49. Qd8+ Nf8 50. Kf1 g6 51. Bc6 Kg7 52. Qd2 Nh7 53. f4 Qc5 54. Bf3 Nf6 55. Kg2 Nd5 56. Kg3 Ne7 57. Qb2+ Kh7 58. Be4 Nf5+ 59. Bxf5 Qxf5 60. Qd4 g5 61. fxg5 Qxg5+ 62. Kf3 Kg6 63. Qa7 f6 64. Qe7 Qd5+ 65. Ke2 e5 66. Qe8+ Kg5 67. Qh8 Qc4+ 68. Ke1 Qe4+ 69. Kf1 Qb1+ 70. Ke2 Qc2+ 71. Ke3 Qg6 72. Qd8 Qh6 73. Ke2 Qh5+ 74. Ke3 Qf7 75. Qh8 Qa7+ 76. Ke2 Qf7 77. Qc8 f5 78. Qd8+ Kg6 79. Qd6+ Qf6 80. Qd5 e4 81. Qg8+ Kh6 82. Qd5 Qg6 83. Kf1 Kh5 84. Qe5 Qg5 85. Qh2+ Qh4 86. Qe5 Kg4 87. Qg7+ Qg5 88. Qe5 Qc1+ 89. Kg2 Qf4 90. Qg7+ Qg5 91. Qe5 Kh4+ 92. Kh2 Kh5 93. Qe8+ Kg4 94. Qd7 Kf3 95. Qd1+ Kxf2 96. Qc2+ Ke1 0-1

[Event "Kleve - Düsseldorf"]
[Site "?"]
[Date "2024.02.25"]
[Round "6.6"]
[White "Brandt, Thorsten"]
[Black "Jaeckel, Norbert"]
[Result "1-0"]
[WhiteElo "1903"]
[BlackElo "1855"]
[PlyCount "103"]
[EventDate "2024.??.??"]
[SourceVersionDate "2020.03.16"]

1. d4 Nf6 2. Nf3 e6 3. g3 b6 4. Bg2 Bb7 5. O-O Be7 6. c4 O-O 7. Nc3 Ne4 8. Qc2 Nxc3 9. Qxc3 f5 10. b3 Bf6 11. Bb2 d6 12. Rad1 Nd7 13. Qc1 Qe7 14. e3 e5 15. dxe5 Nxe5 16. Nxe5 Bxg2 17. Kxg2 Bxe5 18. Rd5 Bxb2 19. Qxb2 a5 20. Rfd1 Rae8 21. R1d4 Qf6 22. Rd2 Qe6 23. a3 Rf6 24. Qd4 Qe4+ 25. Qxe4 Rxe4 26. Kf3 g6 27. R2d4 Rfe6 28. Ke2 Kf7 29. Kd2 Kf6 30. h4 h5 31. Kc3 Rxd4 32. Rxd4 Re5 33. Kd3 Re6 34. b4 axb4 35. axb4 Re8 36. Kc3 Re5 37. Rd2 Re7 38. Kd4 Ke6 39. Ra2 c5+ 40. Kc3 Ke5 41. Ra6 Rb7 42. f3 Ke6 43. Ra8 b5 44. bxc5 b4+ 45. Kb3 dxc5 46. Ra6+ Ke5 47. Rc6 Rd7 48. Rxc5+ Ke6 49. Rd5 Ra7 50. Kxb4 Ra1 51. Ra5 Rf1 52. Ra6+ 1-0

[Event "Kleve - Düsseldorf"]
[Site "?"]
[Date "2024.02.25"]
[Round "6.7"]
[White "Hamm, Norbert"]
[Black "Huysman, Arie"]
[Result "0-1"]
[WhiteElo "1926"]
[BlackElo "2019"]
[PlyCount "94"]
[EventDate "2024.??.??"]
[SourceVersionDate "2020.03.16"]

1. d4 Nf6 2. c4 e6 3. Nc3 d5 4. cxd5 exd5 5. Bg5 c6 6. Qc2 g6 7. e3 Bg7 8. Bd3 O-O 9. Nf3 Be6 10. O-O Nbd7 11. h3 Rc8 12. b4 Re8 13. Rfe1 Bf8 14. Rab1 Be7 15. Bf4 Nh5 16. Bh2 f5 17. Ne2 Bf6 18. Rec1 Ng7 19. Nc3 Bf7 20. Na4 b5 21. Nc5 Nxc5 22. bxc5 Ra8 23. a4 a6 24. Qc3 Qc8 25. Ra1 Qb7 26. Rcb1 Be6 27. Nd2 Bf7 28. Nb3 Ne6 29. axb5 axb5 30. Rxa8 Rxa8 31. Ra1 Rxa1+ 32. Qxa1 Be8 33. Kf1 Bd7 34. Ke2 Bc8 35. Bd6 Bd8 36. Kd2 Be7 37. f3 Bd8 38. e4 fxe4 39. fxe4 dxe4 40. Bxe4 Ng5 41. Bc2 Nf7 42. Bf4 Be6 43. Qe1 Qd7 44. Qe3 Bf6 45. Kc3 Qd5 46. Qe2 Bxd4+ 47. Nxd4 Qxc5+ 0-1

[Event "Kleve - Düsseldorf"]
[Site "?"]
[Date "2024.02.25"]
[Round "6.8"]
[White "Boxberg, Oliver"]
[Black "Heinzel, Thomas"]
[Result "1/2-1/2"]
[WhiteElo "1805"]
[BlackElo "1746"]
[PlyCount "103"]
[EventDate "2024.??.??"]
[SourceVersionDate "2020.03.16"]

1. Nf3 d5 2. d4 e6 3. e3 c5 4. b3 Nf6 5. Bd3 Nc6 6. O-O b6 7. Nbd2 Be7 8. Bb2 O-O 9. a3 Bb7 10. Ne5 Nxe5 11. dxe5 Ne4 12. Nxe4 dxe4 13. Bc4 Qc7 14. Qe2 Bc6 15. a4 Rfd8 16. Rfd1 Bf8 17. Rxd8 Rxd8 18. Rd1 g6 19. f4 exf3 20. gxf3 Bg7 21. f4 Ba8 22. Rxd8+ Qxd8 23. Kf2 Qh4+ 24. Kf1 Qh3+ 25. Kg1 h5 26. Bd3 Bf3 27. Qf1 Qg4+ 28. Kf2 Bc6 29. Qg1 Qf3+ 30. Ke1 Bf8 31. Qg3 Be7 32. Be2 Qh1+ 33. Bf1 c4 34. bxc4 Bxa4 35. Qf2 Bb4+ 36. Kd1 Qe4 37. Kc1 Bc6 38. Kb1 a5 39. Bd4 Ba8 40. Bd3 Qh1+ 41. Kb2 Qc6 42. e4 Qa4 43. f5 Ba3+ 44. Kb1 Qb4+ 45. Ka2 Qa4 46. fxg6 fxg6 47. Kb1 Be7 48. Qd2 b5 49. Qh6 bxc4 50. Qxg6+ Kf8 51. Be3 Qb4+ 52. Ka2 1/2-1/2

[Event "Leverkusen - Lasker Köln 2"]
[Site "?"]
[Date "2024.02.25"]
[Round "6.1"]
[White "di Franco, Patricio"]
[Black "Esser, Michael"]
[Result "1-0"]
[WhiteElo "2042"]
[BlackElo "2036"]
[PlyCount "83"]
[EventDate "2024.??.??"]
[SourceVersionDate "2020.03.16"]

1. c4 c6 2. Nc3 d5 3. d4 Nf6 4. Nf3 e6 5. Bg5 Nbd7 6. Qc2 Qa5 7. Bd2 Qc7 8. e4 dxe4 9. Nxe4 Be7 10. Bd3 c5 11. O-O b6 12. Rfe1 cxd4 13. Nxd4 Bb7 14. Ng3 O-O 15. Bf1 Rfe8 16. Rac1 Rac8 17. Nb5 Qb8 18. b4 Nf8 19. a3 Ng6 20. Qb2 Qa8 21. f3 Red8 22. Be3 Rd7 23. Red1 Rxd1 24. Rxd1 Nh4 25. Nd4 h6 26. Qf2 Rd8 27. Be2 Qc8 28. Rc1 Qd7 29. c5 bxc5 30. bxc5 Qa4 31. c6 Bc8 32. c7 Rf8 33. Nc6 Ng6 34. Nxe7+ Nxe7 35. Bc5 Re8 36. Qd4 Qxd4+ 37. Bxd4 a6 38. Bxf6 gxf6 39. Ne4 Nd5 40. Bc4 Kf8 41. Bxd5 exd5 42. Nd6 1-0

[Event "Leverkusen - Lasker Köln 2"]
[Site "?"]
[Date "2024.02.25"]
[Round "6.2"]
[White "Baer, Marco"]
[Black "Rosenkraenzer, Torsten"]
[Result "0-1"]
[WhiteElo "2030"]
[BlackElo "2032"]
[PlyCount "50"]
[EventDate "2024.??.??"]
[SourceVersionDate "2020.03.16"]

1. Nf3 d5 2. g3 Nf6 3. Bg2 c5 4. O-O Nc6 5. d3 e5 6. Nbd2 Be7 7. e4 d4 8. Nc4 Qc7 9. a4 Be6 10. b3 Nd7 11. Ng5 Bxg5 12. Bxg5 f6 13. Bd2 h5 14. f4 exf4 15. gxf4 O-O-O 16. a5 g5 17. fxg5 fxg5 18. Bxg5 Rdg8 19. Bf4 Nde5 20. Nxe5 Nxe5 21. Bxe5 Qxe5 22. Kh1 h4 23. Rg1 Rg3 24. Bf1 Rxg1+ 25. Kxg1 Rg8+ 0-1

[Event "Leverkusen - Lasker Köln 2"]
[Site "?"]
[Date "2024.02.25"]
[Round "6.4"]
[White "Classen, Harald"]
[Black "Senay, Baris"]
[Result "0-1"]
[WhiteElo "1946"]
[BlackElo "2002"]
[PlyCount "68"]
[EventDate "2024.??.??"]
[SourceVersionDate "2020.03.16"]

1. c4 Nf6 2. Nc3 c5 3. Nf3 Nc6 4. d4 cxd4 5. Nxd4 g6 6. e4 d6 7. Be2 Bg7 8. Be3 O-O 9. O-O Bd7 10. f3 Re8 11. Qd2 a6 12. Nc2 Qa5 13. Rfd1 Rac8 14. Rab1 Ne5 15. Na3 Be6 16. Nd5 Qxd2 17. Bxd2 Nxd5 18. cxd5 Bd7 19. Bc3 f5 20. f4 Nf7 21. Bxg7 Kxg7 22. Bf3 Rc5 23. Rbc1 Rec8 24. Rxc5 Rxc5 25. Rd2 Kf6 26. Kf2 g5 27. g3 gxf4 28. gxf4 Nh6 29. Rc2 fxe4 30. Bxe4 Ng4+ 31. Kg3 Bf5 32. Re2 Nh6 33. Bf3 b5 34. Rd2 b4 0-1

[Event "Leverkusen - Lasker Köln 2"]
[Site "?"]
[Date "2024.02.25"]
[Round "6.5"]
[White "Kuehn, Matthias"]
[Black "Boehm, Stefan"]
[Result "1-0"]
[WhiteElo "1912"]
[BlackElo "1996"]
[PlyCount "55"]
[EventDate "2024.??.??"]
[SourceVersionDate "2020.03.16"]

1. e4 c5 2. Nc3 a6 3. f4 b5 4. Nf3 Bb7 5. d3 e6 6. g4 d5 7. e5 Nc6 8. Bg2 h5 9. Ng5 Be7 10. O-O hxg4 11. Nxe6 fxe6 12. Qxg4 Kf7 13. f5 Bf6 14. fxe6+ Kf8 15. exf6 Nxf6 16. Bg5 Qd6 17. h4 Ne5 18. Qf5 Kg8 19. Bxf6 gxf6 20. Qxf6 Rh7 21. Rae1 Ng4 22. Qf4 Qxf4 23. Rxf4 Rg7 24. Kh1 b4 25. Nxd5 Rd8 26. Rxg4 Bxd5 27. Rxg7+ Kxg7 28. Bxd5 1-0

[Event "Leverkusen - Lasker Köln 2"]
[Site "?"]
[Date "2024.02.25"]
[Round "6.6"]
[White "Lessing, Sebastian"]
[Black "Pericic, Boris"]
[Result "0-1"]
[WhiteElo "1835"]
[BlackElo "1888"]
[PlyCount "114"]
[EventDate "2024.??.??"]
[SourceVersionDate "2020.03.16"]

1. Nc3 d5 2. e4 d4 3. Nce2 c5 4. Nf3 Nc6 5. Ng3 e6 6. Bb5 Qb6 7. Bxc6+ Qxc6 8. d3 Bd6 9. O-O Ne7 10. Nh4 Bd7 11. f4 O-O-O 12. c3 Kb8 13. cxd4 cxd4 14. Nf3 Qa6 15. Ne1 f5 16. b3 Bc6 17. Bb2 Bc5 18. exf5 exf5 19. a4 g6 20. Nc2 Nd5 21. Qd2 Qb6 22. Rab1 Nb4 23. Na3 Rhe8 24. Nc4 Qc7 25. Rfe1 b6 26. Ne5 Bd5 27. Nc4 a5 28. Rbc1 Qb7 29. Rxe8 Rxe8 30. Nxa5 Qe7 31. Nc4 Na2 32. Ra1 Nc3 33. Kf1 Qh4 34. Re1 Rxe1+ 35. Qxe1 Qxf4+ 36. Kg1 Bxc4 37. bxc4 Qd6 38. Qe8+ Kb7 39. Ne2 Qc6 40. Qxc6+ Kxc6 41. Bxc3 dxc3+ 42. d4 Bxd4+ 43. Nxd4+ Kc5 44. Ne2 Kxc4 45. Kf2 Kd3 46. Ke1 c2 47. Nc1+ Ke3 48. Ne2 f4 49. h4 h6 50. Nc1 g5 51. h5 g4 52. Nb3 Kd3 53. Nc1+ Ke3 54. Nb3 g3 55. Kf1 Kd3 56. Nc1+ Kd2 57. Nb3+ Kd1 0-1